000 00440nam a2200181Ia 4500
005 20250423100050.0
008 250422s9999 xx 000 0 und d
020 _a9780078024665
050 _aHD 31 .K56/
100 _aKinicki, Angelo
245 0 _aManagement : a practical introduction
250 _a6th ed.
260 _aUnited State
260 _bMcGrwa-Hill Education
260 _c2013
650 _aManagement.
942 _cBK
999 _c32181
_d32181